| 000 | 00945nam a2200241 i 4500 | ||
|---|---|---|---|
| 999 |
_c7735 _d7735 |
||
| 001 | 991060788711606706 | ||
| 003 | OSt | ||
| 005 | 20230523104718.0 | ||
| 008 | 221026s2022 spca||| |||| 0|0 0 cat| | ||
| 015 |
_aLL2022 _2bnc |
||
| 040 | _cCDMR | ||
| 245 | 0 | 0 |
_a50 anys de fotoperiodisme de Kim Manresa _b: [catàleg de l'exposició, del 23 de maig al 18 de setembre de 2023] _c/ [textos: Joan Maria Morros... [et al.]; comissària: Esther Molas] |
| 264 | 1 |
_a[Barcelona : _bCol·legi de Periodistes de Catalunya, _c2023] |
|
| 300 |
_a40 pàgines sense numerar : _bprincipalment il·lustracions en blanc i negre _e+ un pòster desplegable |
||
| 600 | 1 | 0 |
_9233 _aManresa, Kim _xExposicions |
| 650 | 7 |
_aFotografia documental _zCatalunya _xExposicions. _2lemac |
|
| 650 | 0 |
_aFotoperiodisme _zCatalunya _xExposicions _93679 |
|
| 700 |
_aMolas, Esther _94768 |
||
| 700 |
_aJoan Maria Morros _94846 |
||
| 908 | _aBC | ||
| 940 | _aBC | ||
| 942 |
_2udc _cFULLET |
||